Statistics for jobless monday - mitski lyrics

Click here to take the quiz!

General Stats

  • This quiz has been taken 22 times
  • The average score is 85 of 96

Answer Stats

Answer% Correct
a
100%
a
100%
i
100%
i
100%
it's
100%
me
100%
me
100%
me
100%
me
100%
me
100%
me
100%
me
100%
me
100%
my
100%
to
100%
to
100%
to
100%
when
100%
when
100%
afford
95%
afternoon
95%
baby
95%
baby
95%
baby
95%
baby
95%
buy
95%
can't
95%
food
95%
out
95%
out
95%
out
95%
out
95%
out
95%
out
95%
out
95%
take
95%
take
95%
take
95%
take
95%
take
95%
take
95%
the
95%
the
95%
the
95%
windy
95%
didn't
89%
end
89%
first
89%
go
89%
go
89%
he
89%
he
89%
he
89%
know
89%
loves
89%
means
89%
means
89%
met
89%
miss
89%
oh
89%
only
89%
so
89%
there's
89%
we
89%
where
89%
where
89%
yet
89%
be
84%
be
84%
need
84%
no
84%
than
84%
as
79%
as
79%
drive
79%
in
79%
long
79%
said
79%
they
79%
we'll
79%
we'll
79%
we're
79%
further
74%
i'd
74%
of
74%
or
74%
sun
74%
under
74%
day
68%
difference
68%
light
68%
makes
68%
doesn't
63%
matter
63%
please
63%
but
58%

Score Distribution

Percentile by Number Answered

Percent of People with Each Score

Your Score History

You have not taken this quiz